Štúdium antioxidačných vlastností flavonoidov : Obh. 27.5.1998 /

Guardado en:
Detalles Bibliográficos
Autor principal: Gajovská, Jana (Autor)
Formato: Manuscrito Libro
Lenguaje:eslovaco
Publicado: Bratislava : STU v Bratislave ChtF, 1998
Etiquetas: Agregar Etiqueta
Sin Etiquetas, Sea el primero en etiquetar este registro!

MARC

LEADER 00000ntm a22000003a 4500
001 stu33779
005 20150617225657.8
008 980910s1998----xo------------------slo-d
040 |a STU  |b slo 
041 0 |a slo 
044 |a xo 
100 1 |a Gajovská, Jana  |4 aut 
245 1 |a Štúdium antioxidačných vlastností flavonoidov :  |b Obh. 27.5.1998 /  |c [aut.]Gajovská,Jana 
260 |a Bratislava :  |b STU v Bratislave ChtF,  |c 1998 
300 |a 54 s :  |b Tab.,grafy,lit 
500 |a Zameranie: Chémia a hodnotenie potravín 
996 |b CD12533  |c C*D12533  |l CCI  |s A  |a 24  |w stu33779_0001